00353nam a2200145Ia 4500008004100000041000800041082001500049100002100064245005100085260001700136300001500153365000700168650001600175650001600191210719s2010 xx 000 0 und d aeng a620.4 KARP aKARKARIA (Bachi) aPower of E: seven decades of Larsen and Toubro aMumbaic2010 aII,133bHB cRs aEngineering aEngineering